La educación de los niños anormales : (Record no. 17371)

MARC details
000 -CABECERA
campo de control de longitud fija 01553nam a2200313 a 4500
003 - IDENTIFICADOR DEL NÚMERO DE CONTROL
campo de control MX-MxUPN
005 - FECHA Y HORA DE LA ÚLTIMA TRANSACCIÓN
campo de control 20250826093144.0
008 - ELEMENTOS DE LONGITUD FIJA--INFORMACIÓN GENERAL
campo de control de longitud fija 991125s1936 sp a r 000 0 spa d
035 ## - NÚMERO DE CONTROL DEL SISTEMA
Número de control de sistema UPN01000017371
040 ## - FUENTE DE LA CATALOGACIÓN
Centro catalogador/agencia de origen MX-MxUPN
Lengua de catalogación spa
Centro/agencia transcriptor MX-MxUPN
041 0# - CÓDIGO DE IDIOMA
Código de lengua del texto/banda sonora o título independiente spa
050 14 - SIGNATURA TOPOGRÁFICA DE LA BIBLIOTECA DEL CONGRESO
Número de clasificación LC4601
Número de documento/Ítem D4.38 1936
100 1# - ASIENTO PRINCIPAL--NOMBRE PERSONAL
Nombre de persona Descoeúdres, Alice
9 (RLIN) 52694
245 13 - MENCIÓN DE TÍTULO
Título La educación de los niños anormales :
Resto del título observaciones psicológicas e indicaciones prácticas
260 ## - PUBLICACIÓN, DISTRIBUCIÓN, ETC.
Lugar de publicación, distribución, etc. Madrid :
Nombre del editor, distribuidor, etc. Beltrán,
Fecha de publicación, distribución, etc. 1936.
300 ## - DESCRIPCIÓN FÍSICA
Extensión 307 páginas :
Otras características físicas ilustraciones
490 0# - MENCIÓN DE SERIE
Mención de serie Biblioteca moderna de filosofía y ciencias sociales. Actualidades pedagógicas
500 ## - NOTA GENERAL
Nota general Nota de advertencia: el título de la presente obra tiene un término que puede resultar ofensivo para ciertas personas. Dicho término fue utilizado en la literatura sobre el tema a principios del siglo veinte.
500 ## - NOTA GENERAL
Nota general La Biblioteca Gregorio Torres Quintero no comparte ni valida su uso.
650 #4 - ASIENTO SECUNDARIO DE MATERIA - TERMINO TEMATICO
Término de materia o nombre geográfico como elemento de entrada Niños con discapacidad
Subdivisión general Educación
9 (RLIN) 1549
650 #4 - ASIENTO SECUNDARIO DE MATERIA - TERMINO TEMATICO
Término de materia o nombre geográfico como elemento de entrada Niños con discapacidad mental
Subdivisión general Educación
9 (RLIN) 3028
700 1# - ASIENTO SECUNDARIO--NOMBRE DE PERSONAL
Nombre de persona Orellana Garrido, Jacobo
9 (RLIN) 49005
Término indicativo de función/relación traducción
-- notas
710 1# - ASIENTO SECUNDARIO - NOMBRE CORPORATIVO
Nombre de entidad corporativa o nombre de jurisdicción como elemento de entrada México.
Unidad subordinada Secretaría de Educación Pública.
-- Biblioteca Pública
9 (RLIN) 51349
Término indicativo de función/relación propietario anterior
710 2# - ASIENTO SECUNDARIO - NOMBRE CORPORATIVO
Nombre de entidad corporativa o nombre de jurisdicción como elemento de entrada Instituto Nacional de Pedagogía (México)
Término indicativo de función/relación propietario anterior
9 (RLIN) 28088
710 2# - ASIENTO SECUNDARIO - NOMBRE CORPORATIVO
Nombre de entidad corporativa o nombre de jurisdicción como elemento de entrada Museo Pedagógico Nacional (México)
9 (RLIN) 51335
Término indicativo de función/relación propietario anterior
710 2# - ASIENTO SECUNDARIO - NOMBRE CORPORATIVO
Nombre de entidad corporativa o nombre de jurisdicción como elemento de entrada Escuela Nacional de Jurisprudencia (México)
9 (RLIN) 52695
Término indicativo de función/relación propietario anterior
904 ## - ELEMENTOS DE DATOS D LOCAL, LDD (RLIN)
a AC
b 017372
942 ## - ELEMENTOS DE PUNTO DE ACCESO ADICIONAL (KOHA)
Fuente del sistema de clasificación o colocación Library of Congress Classification
Tipo de ítem Koha Libro
Holdings
Estado de retiro Estado de pérdida Fuente del sistema de clasificación o colocación Estado dañado No para préstamo Código de colección Localización permanente Ubicación/localización actual Ubicación en estantería Fecha de adquisición Clasificación Código de barras Fecha visto por última vez Tipo de ítem Koha Nota pública
    Library of Congress Classification   Disponible (Previa cita) Fondo Reservado de libros Bib. Gregorio Torres Quintero Bib. Gregorio Torres Quintero Sala de Fondos Reservados Planta alta 13/09/2022 LC4601 D4.38 1936 46362 31/12/2020 Libro Ejemplar con sello de la Escuela Nacional de Jurisprudencia, de la Biblioteca Pública de la SEP y del Museo Pedagógico Nacional
    Library of Congress Classification   Disponible (Previa cita) Fondo Reservado de libros Bib. Gregorio Torres Quintero Bib. Gregorio Torres Quintero Sala de Fondos Reservados Planta alta 13/09/2022 LC4601 D4.38 1936 18439 31/12/2020 Libro Ejemplar con sello de la Biblioteca del Instituto Nacional de Pedagogía